[Event "Mazowiec-chT op 0910"]
[Site "Mazowsze"]
[Date "2010.03.28"]
[Round "10.13"]
[White "Kozerski, Zbigniew"]
[Black "Pukianiec, Emil"]
[Result "1-0"]
[WhiteElo "1957"]
[BlackElo "1673"]
[PlyCount "84"]
[EventDate "2009.11.29"]
[EventType "team-tourn"]
[EventRounds "10"]
[EventCountry "POL"]
[SourceTitle "EXT 2011"]
[Source "ChessBase"]
[SourceDate "2010.11.26"]
[SourceVersion "1"]
[SourceVersionDate "2010.11.26"]
[SourceQuality "1"]

1. e4 c5 2. Nf3 Nc6 3. d4 cxd4 4. Nxd4 g6 5. Be3 Bg7 6. Be2 Qa5+ 7. c3 Nf6 8. Nd2 0-0 9. 0-0 e5 10. N4b3 Qc7 11. Bf3 Ne7 12. Bg5 b6 13. Re1 Bb7 14. Nf1 Rad8 15. Ne3 h6 16. Bxf6 Bxf6 17. Qd3 Rfe8 18. Rad1 Nc8 19. Nd5 Bxd5 20. Qxd5 Re6 21. Nd2 Rc6 22. Nf1 Rc5 23. Qd3 Bg5 24. Ne3 Bxe3 25. Qxe3 Kg7 26. Rd3 Nd6 27. Red1 Nb7 28. Rd5 d6 29. Be2 Rxd5 30. Rxd5 Nc5 31. Bd1 Qc6 32. b4 Nb7 33. Bb3 a5 34. Qd2 Rc8 35. c4 axb4 36. Qxb4 Nc5 37. f3 Kf8 38. Qd2 Ke7 39. Qxh6 Ne6 40. Qh4+ g5 41. Qg4 f6 42. Rd2 Qc5+ 1-0

[Event "Rowy op-A 17th"]
[Site "Rowy"]
[Date "2008.06.21"]
[Round "8.21"]
[White "Kozerski, Zbigniew"]
[Black "Raszkiewicz, Agnieszka"]
[Result "1/2-1/2"]
[WhiteElo "1987"]
[BlackElo "1833"]
[PlyCount "62"]
[EventDate "2008.06.14"]
[EventType "swiss"]
[EventRounds "9"]
[EventCountry "POL"]
[SourceTitle "EXT 2023"]
[Source "ChessBase"]
[SourceDate "2022.10.05"]
[SourceVersion "1"]
[SourceVersionDate "2022.10.05"]
[SourceQuality "1"]

1. e4 c5 2. Nf3 Nc6 3. d4 cxd4 4. Nxd4 d6 5. Be2 e5 6. Nb3 h6 7. Nc3 Nf6 8. 0-0 Be6 9. Be3 Be7 10. Qd2 0-0 11. Rfd1 a6 12. f4 Qc7 13. f5 Bd7 14. Bf3 Rac8 15. Qf2 b5 16. a3 Qb7 17. g4 a5 18. Nd5 a4 19. Nxf6+ Bxf6 20. Nc1 Be7 21. Nd3 Na5 22. Nb4 Bc6 23. Qg2 Nc4 24. Bc1 Rfd8 25. Qe2 Bh4 26. b3 Na5 27. Rd3 Bf6 28. Rb1 Qa8 29. Be3 Nb7 30. Nd5 Bxd5 31. Rxd5 Rc3 1/2-1/2

[Event "Rowy op-A 17th"]
[Site "Rowy"]
[Date "2008.06.19"]
[Round "6.18"]
[White "Kozerski, Zbigniew"]
[Black "Poswiatowski, Michal"]
[Result "0-1"]
[WhiteElo "1987"]
[BlackElo "1778"]
[PlyCount "30"]
[EventDate "2008.06.14"]
[EventType "swiss"]
[EventRounds "9"]
[EventCountry "POL"]
[SourceTitle "EXT 2023"]
[Source "ChessBase"]
[SourceDate "2022.10.05"]
[SourceVersion "1"]
[SourceVersionDate "2022.10.05"]
[SourceQuality "1"]

1. e4 c5 2. Nf3 d6 3. d4 cxd4 4. Nxd4 Nf6 5. Nc3 g6 6. f3 Bg7 7. Bc4 Nc6 8. Be3 0-0 9. Qd2 a6 10. Bb3 Ne5 11. 0-0-0 b5 12. g4 Bd7 13. g5 Nh5 14. Nce2 Nc4 15. Bxc4 bxc4 0-1

[Event "Mazowiec-chT 0708"]
[Site "Poland"]
[Date "2007.11.18"]
[Round "3"]
[White "Zasada, Konrad"]
[Black "Kozerski, Zbigniew"]
[Result "1/2-1/2"]
[WhiteElo "1727"]
[BlackElo "1987"]
[PlyCount "58"]
[EventDate "2007.10.14"]
[EventType "team-tourn"]
[EventRounds "10"]
[EventCountry "POL"]
[SourceTitle "EXT 2010"]
[Source "ChessBase"]
[SourceDate "2010.11.25"]
[SourceVersion "1"]
[SourceVersionDate "2010.11.25"]
[SourceQuality "1"]

1. Nf3 d5 2. g3 e6 3. d4 f5 4. Bg2 Nf6 5. 0-0 Be7 6. c4 0-0 7. b3 c6 8. Qc2 b6 9. cxd5 cxd5 10. Bf4 Na6 11. a3 Bd7 12. Nbd2 Bb5 13. Rfe1 Ne4 14. h4 Rc8 15. Qb2 Nd6 16. Bf1 Nb8 17. Rec1 Nd7 18. Rxc8 Qxc8 19. Rc1 Qb7 20. Ne5 Nxe5 21. Bxe5 Rc8 22. Rxc8+ Qxc8 23. e3 Bxf1 24. Kxf1 Nb5 25. a4 Nc3 26. Qc2 Qa6+ 27. Kg2 Bb4 28. Nf3 h6 29. Bd6 Bxd6 1/2-1/2

[Event "Mazowieckie-chT 0506"]
[Site "Poland"]
[Date "2005.12.11"]
[Round "6"]
[White "Olejarczyk, Bogdan"]
[Black "Kozerski, Zbigniew"]
[Result "1-0"]
[WhiteElo "2197"]
[BlackElo "2045"]
[PlyCount "81"]
[EventDate "2005.10.09"]
[EventType "team-tourn"]
[EventRounds "9"]
[EventCountry "POL"]
[SourceTitle "EXT 2019"]
[Source "ChessBase"]
[SourceDate "2018.10.10"]
[SourceVersion "1"]
[SourceVersionDate "2018.10.10"]
[SourceQuality "1"]

1. e4 e5 2. Nf3 Nc6 3. Bc4 Nf6 4. d3 h6 5. 0-0 g6 6. c3 Bg7 7. Re1 d6 8. Nbd2 0-0 9. Nf1 a6 10. a4 Nh5 11. g3 Kh7 12. Nh4 Bf6 13. Ng2 Bg5 14. d4 Ng7 15. f4 exf4 16. gxf4 Bh4 17. Ng3 f5 18. e5 dxe5 19. dxe5 Be6 20. Qe2 Qe7 21. Be3 Rfd8 22. Rad1 g5 23. Bxe6 Bxg3 24. Bxf5+ Nxf5 25. hxg3 Nxg3 26. Qc2+ Kg7 27. e6 gxf4 28. Bxf4 Qc5+ 29. Kh2 Qf5 30. Qxf5 Nxf5 31. Bxc7 Rxd1 32. Rxd1 Kf6 33. Nf4 Re8 34. Rd7 Nce7 35. c4 Ng7 36. Bd8 Ngf5 37. b3 b5 38. axb5 axb5 39. cxb5 Ke5 40. Bc7+ Ke4 41. b6 1-0

[Event "Mazowieckie-chT 0506"]
[Site "Poland"]
[Date "2005.10.09"]
[Round "1"]
[White "Kozerski, Zbigniew"]
[Black "Pietrzak, Wojciech"]
[Result "1-0"]
[WhiteElo "2045"]
[BlackElo "2009"]
[PlyCount "85"]
[EventDate "2005.10.09"]
[EventType "team-tourn"]
[EventRounds "9"]
[EventCountry "POL"]
[SourceTitle "EXT 2019"]
[Source "ChessBase"]
[SourceDate "2018.10.10"]
[SourceVersion "1"]
[SourceVersionDate "2018.10.10"]
[SourceQuality "1"]

1. e4 c5 2. Nf3 d6 3. d4 cxd4 4. Nxd4 Nf6 5. Nc3 g6 6. Be3 Bg7 7. Bc4 Nc6 8. f3 0-0 9. Qd2 Bd7 10. 0-0-0 Qb8 11. h4 b5 12. Nxc6 Bxc6 13. Nd5 Rc8 14. Nxe7+ Kh8 15. Nxc6 Rxc6 16. Bxf7 Qc7 17. Bb3 a5 18. Bd4 Rc8 19. c3 b4 20. Kb1 bxc3 21. Bxc3 Qb7 22. Bxa5 Nxe4 23. fxe4 Rc2 24. Qxc2 Rxc2 25. Kxc2 Qxe4+ 26. Kc1 Qxg2 27. Bc3 Bxc3 28. bxc3 Qf3 29. Kb2 Qf2+ 30. Ka1 Qf3 31. Rc1 d5 32. Rh2 Qf4 33. Rch1 d4 34. cxd4 Qxd4+ 35. Kb1 h5 36. Rc2 Kg7 37. a3 Kh6 38. Ka2 Qf4 39. Rhh2 g5 40. hxg5+ Qxg5 41. Rhg2 Qb5 42. Rc8 Qe5 43. Rc6+ 1-0